00485nam a2200193Ia 4500003000400000005001700004008004100021020002200062040000700084041001200091082001800103100001900121245005200140260003300192300001500225365001300240650000800253650003000261OSt20251030192213.0210423s2010 xx 000 0 und d a978-81-910085-5-5 cAL aEnglish a344.01 bSRIT aSrivastava A K aTribal labour law employment and administration aNew DelhibKunal Booksc2010 avi,279bPB b850cINR aLaw aSocial Labour Welfare Law